000 00933nam a2200373Ia 4500
001 102
008 191123s9999 xx 000 0 und d
041 _aspa
044 _aag
100 _aNicolini, Alberto,
245 0 _aJujuy y la Quebrada de Humahuaca.
260 _aBuenos Aires :
_bAcademia Nacional de Bellas Artes,
_c1981.
300 _a105 p.
_bfotografia blanco y negro
500 _apublicaciones de la ANBA
504 _abibliografia p. 101
650 _aARQUITECTURA RELIGIOSA
650 _aIMAGINERIA
650 _aJUJUY
650 _aPINTURA
650 _aPULPITOS
650 _aQUEBRADA DE HUMAHUACA
650 _aRETABLOS
902 _aM
903 _am
904 _am
907 _aimpreso
911 _afotografia blanco y negro
912 _a1981
920 _an. 1
942 _cLIBRO
999 _c96
_d96
490 0 _aEstudios de Arte Argentino
550 _afotografia blanco y negro